| 000 | 01248cab a22002415a 4500 | ||
|---|---|---|---|
| 001 | L141663 | ||
| 008 | 071211e20071110xxk f 000 0 eng d | ||
| 035 | _a(Sirsi) u141663 | ||
| 041 | 0 | _aeng | |
| 100 | 1 | _aDollar, Peta | |
| 245 | 0 | 0 | _aNot for the back burner |
| 260 | _c2007 | ||
| 490 |
_aEstates Gazette _v(0749) 8 December 2007, 98-99(2) |
||
| 520 | _aThird of four Mainly for Students articles explaining aspects of contracts for the sale and purchase of commercial property. Covers boilerplate provisions and how to deal with them. Details clauses concerning service notice that no reliance is placed on other parties' representations; statement that the contract forms the whole agreement; provisions concerning service of notice; non-merger clauses; buyer's right to inspect; severance; variation; exclusion of the Contracts (Rights of Third Parties) Act 1999; and confidentiality clauses. | ||
| 590 | _aKA | ||
| 650 | 2 | 4 | _aCONTRACTS (RIGHTS OF THIRD PARTIES) ACT 1999 |
| 650 | 2 | 4 | _aLAW OF PROPERTY (MISCELLANEOUS PROVISIONS) ACT 1989 |
| 650 | 2 | 4 | _aSUTCLIFFE V LLOYD |
| 650 | 2 | 4 | _aDOE V SKEGG |
| 651 | 4 |
_aUnited Kingdom _y |
|
| 690 | _aPROPERTY-COMMERCIAL PROPERTY-ACQUISITION AND DISPOSAL OF COMMERCIAL PROPERTY | ||
| 942 | _n0 | ||
| 999 |
_c79564 _d79564 |
||